| 000 -LEADER |
| fixed length control field |
00808cam a22002294a 4500 |
| 001 - CONTROL NUMBER |
| control field |
16274604 |
| 003 - CONTROL NUMBER IDENTIFIER |
| control field |
GE_BSU |
| 005 - DATE AND TIME OF LATEST TRANSACTION |
| control field |
20221129115014.0 |
| 008 - FIXED-LENGTH DATA ELEMENTS--GENERAL INFORMATION |
| fixed length control field |
100609s2011 caua b 001 0 eng |
| 020 ## - INTERNATIONAL STANDARD BOOK NUMBER |
| International Standard Book Number |
9781412989183x |
| 041 ## - LANGUAGE CODE |
| Language code of text/sound track or separate title |
eng |
| 080 ## - UNIVERSAL DECIMAL CLASSIFICATION NUMBER |
| Universal Decimal Classification number |
159.922.7 L-62 |
| 100 1# - MAIN ENTRY--PERSONAL NAME |
| Personal name |
Levine, Laura E. |
| 9 (RLIN) |
6569 |
| 245 10 - TITLE STATEMENT |
| Title |
Child development : |
| Remainder of title |
an active learning approach / |
| Statement of responsibility, etc. |
Laura E. Levine, Joyce Munsch. |
| 264 ## - PRODUCTION, PUBLICATION, DISTRIBUTION, MANUFACTURE, AND COPYRIGHT NOTICE |
| Place of production, publication, distribution, manufacture |
Los Angeles, CA : |
| Name of producer, publisher, distributor, manufacturer |
SAGE, |
| Date of production, publication, distribution, manufacture, or copyright notice |
2011. |
| 300 ## - PHYSICAL DESCRIPTION |
| Extent |
xxix, 574 p. : |
| Other physical details |
col. ill. ; |
| Dimensions |
28 cm. |
| 504 ## - BIBLIOGRAPHY, ETC. NOTE |
| Bibliography, etc. note |
Includes bibliographical references and index. |
| 653 ## - INDEX TERM--UNCONTROLLED |
| keyword |
ბავშვის ფსიქოლოგია |
| 653 ## - INDEX TERM--UNCONTROLLED |
| keyword |
ბავშვის განვითარების ეტაპები |
| 700 1# - ADDED ENTRY--PERSONAL NAME |
| Personal name |
Munsch, Joyce. |
| 9 (RLIN) |
6572 |
| Relator term |
ავტორი |
| 942 ## - ADDED ENTRY ELEMENTS (KOHA) |
| Source of classification or shelving scheme |
|
| Koha item type |
წიგნი |